[Event "Muensterland Verbandsliga playoff 1-4"]
[Site "Germany"]
[Date "2023.03.25"]
[Round "1.2"]
[White "Hanewinkel, Winfried"]
[Black "Harbers, Gerard"]
[Result "1/2-1/2"]
[WhiteElo "1863"]
[BlackElo "1832"]
[PlyCount "53"]
[EventDate "2022.03.25"]
[EventType "team-k.o."]
[EventRounds "2"]
[EventCountry "GER"]
[SourceTitle "EXT 2024"]
[Source "ChessBase"]
[SourceDate "2023.10.10"]
[SourceVersion "1"]
[SourceVersionDate "2023.10.10"]
[SourceQuality "1"]
[WhiteTeam "Beelen"]
[BlackTeam "Suedlohn II"]
[WhiteTeamCountry "GER"]
[BlackTeamCountry "GER"]

1. d4 Nf6 2. c4 g6 3. Nc3 d5 4. cxd5 Nxd5 5. e4 Nxc3 6. bxc3 Bg7 7. Bc4 c5 8. Be3 Nc6 9. Ne2 0-0 10. 0-0 cxd4 11. cxd4 Na5 12. Bd3 b6 13. Rc1 e6 14. Qd2 Bb7 15. Bh6 Rc8 16. Bxg7 Kxg7 17. Qf4 Qe7 18. Qe5+ f6 19. Qb5 Rxc1 20. Rxc1 Rc8 21. Rd1 Bc6 22. Qb2 Bb7 23. h3 Nc4 24. Qb3 Na5 25. Qb5 Bc6 26. Qb1 Bb7 27. Qb5 1/2-1/2

[Event "Muensterland Regionalliga Gr2 2223"]
[Site "Germany"]
[Date "2022.09.03"]
[Round "1.7"]
[White "Harbers, Gerard"]
[Black "Schmidt, Sebastian1111"]
[Result "0-1"]
[WhiteElo "1852"]
[BlackElo "1664"]
[PlyCount "96"]
[EventDate "2022.09.03"]
[EventType "team-tourn"]
[EventRounds "5"]
[EventCountry "GER"]
[SourceTitle "EXT 2024"]
[Source "ChessBase"]
[SourceDate "2023.10.10"]
[SourceVersion "1"]
[SourceVersionDate "2023.10.10"]
[SourceQuality "1"]
[WhiteTeam "Suedlohn"]
[BlackTeam "Borken"]
[WhiteTeamCountry "GER"]
[BlackTeamCountry "GER"]

1. e4 e5 2. Nf3 Nc6 3. Bb5 Nf6 4. 0-0 Nxe4 5. Re1 Nd6 6. Nxe5 Nxe5 7. Rxe5+ Be7 8. Bf1 0-0 9. d4 Bf6 10. Re1 Nf5 11. c3 d5 12. Bf4 c6 13. Nd2 Nd6 14. Bd3 Re8 15. Bxh7+ Kxh7 16. Qh5+ Kg8 17. Bxd6 Rxe1+ 18. Rxe1 g6 19. Qh6 Bg5 20. Re8+ Qxe8 21. Qxg5 Qe1+ 22. Nf1 Bf5 23. Qd2 Re8 24. f3 Qxd2 25. Nxd2 Re2 26. Bf4 f6 27. h4 Re1+ 28. Kf2 Ra1 29. Nb3 Rb1 30. g4 Rxb2+ 31. Ke3 Bb1 32. Nc5 Bxa2 33. Nd7 Kf7 34. g5 Bc4 35. Bb8 fxg5 36. Ne5+ Kf6 37. hxg5+ Kxg5 38. f4+ Kf5 39. Bxa7 Re2+ 40. Kf3 Rc2 41. Bb8 Rxc3+ 42. Kf2 Bd3 43. Bd6 Be4 44. Ke2 Rh3 45. Kf2 Rh4 46. Nf3 Bxf3 47. Kxf3 Rh8 48. Bc5 Re8 0-1

[Event "Muensterland Verbandsliga 1920"]
[Site "Germany"]
[Date "2019.11.09"]
[Round "3.5"]
[White "Hemmers, Dieter"]
[Black "Harbers, Gerard"]
[Result "1/2-1/2"]
[WhiteElo "1773"]
[BlackElo "1876"]
[PlyCount "39"]
[EventDate "2019.09.07"]
[EventType "team-tourn"]
[EventRounds "7"]
[EventCountry "GER"]
[SourceTitle "EXT 2023"]
[Source "ChessBase"]
[SourceDate "2022.10.05"]
[SourceVersion "1"]
[SourceVersionDate "2022.10.05"]
[SourceQuality "1"]
[WhiteTeam "Emsdetten Rochade II"]
[BlackTeam "Suedlohn II"]
[WhiteTeamCountry "GER"]
[BlackTeamCountry "GER"]

1. e4 e5 2. Nf3 Nc6 3. Bb5 a6 4. Ba4 Nf6 5. 0-0 Be7 6. Re1 b5 7. Bb3 d6 8. c3 0-0 9. h3 Na5 10. Bc2 c5 11. d4 Nd7 12. Nbd2 exd4 13. cxd4 Nc6 14. Nf1 Bf6 15. Be3 Re8 16. Ng3 cxd4 17. Nxd4 Nxd4 18. Bxd4 Be5 19. Re3 Nc5 20. Bxe5 1/2-1/2

[Event "Muensterland Verbandsklasse 1516"]
[Site "Germany"]
[Date "2016.04.30"]
[Round "8.3"]
[White "Harbers, Gerard"]
[Black "Wetterau, Georg"]
[Result "1-0"]
[WhiteElo "1880"]
[BlackElo "1814"]
[PlyCount "113"]
[EventDate "2015.09.19"]
[EventType "team"]
[EventRounds "9"]
[EventCountry "GER"]
[SourceTitle "EXT 2017"]
[Source "ChessBase"]
[SourceDate "2016.10.25"]
[SourceVersion "1"]
[SourceVersionDate "2016.10.25"]
[SourceQuality "1"]
[WhiteTeam "Suedlohn II"]
[BlackTeam "Nordwalde"]
[WhiteTeamCountry "GER"]
[BlackTeamCountry "GER"]

1. e4 e5 2. Nf3 Nc6 3. Bb5 a6 4. Ba4 Nf6 5. 0-0 Be7 6. Re1 b5 7. Bb3 Bb7 8. c3 d5 9. d4 exd4 10. e5 Ne4 11. cxd4 0-0 12. Nc3 Na5 13. Be3 Nxb3 14. Qxb3 Ng5 15. Nxg5 Bxg5 16. a4 Bxe3 17. Rxe3 c5 18. Ne2 cxd4 19. Nxd4 Qb6 20. Rd1 Rac8 21. axb5 axb5 22. h3 b4 23. Nf5 Kh8 24. Nd6 Rc7 25. Nxb7 Rxb7 26. Qxd5 Rbb8 27. Qb3 h6 28. Rd7 Rb7 29. Qd5 Rxd7 30. Qxd7 Qg6 31. Qd6 Qb1+ 32. Kh2 Ra8 33. Qxb4 h5 34. Qe4 Qa2 35. Qf3 g6 36. Ra3 Rxa3 37. Qxa3 Qd5 38. Qd6 Qc4 39. Qf6+ Kh7 40. Qf3 Qe6 41. Qe3 Qc4 42. f3 Qd5 43. b3 Kg7 44. f4 h4 45. Qb6 Qd3 46. Qf6+ Kg8 47. Qxh4 Qxb3 48. Qg5 Qe3 49. Qg4 Kf8 50. h4 Qe4 51. Qg5 Qe3 52. Qd8+ Kg7 53. Qf6+ Kg8 54. e6 fxe6 55. Qxg6+ Kf8 56. Qf6+ Ke8 57. Qe5 1-0